European Currency Match Quiz Stats

 Plays Quiz Updated Feb 13, 2019

Support Sporcle.
Go Orange.
Score 0/47 Timer 06:00
4 Plays Today
% Correct
Italy
90.4%
United Kingdom
88.8%
Ireland
86.7%
Belgium
85.5%
Greece
85.2%
Germany
84%
Netherlands
83.6%
Spain
83%
Luxembourg
81.9%
Portugal
81.4%
France
81.3%
Monaco
76.4%
Russia
74.8%
Austria
72.8%
Vatican City
72.4%
Malta
72.1%
Finland
71.5%
Cyprus
68.9%
Andorra
68.7%
San Marino
68.3%
Switzerland
68.2%
Estonia
64.2%
Poland
59.5%
Slovenia
58.7%
% Correct
Denmark
58.1%
Sweden
57%
Belarus
54.9%
Slovakia
54.1%
Norway
53.4%
Montenegro
48.4%
Turkey
46.5%
Latvia
46%
Liechtenstein
44.8%
Kosovo
44.3%
Iceland
40.2%
Lithuania
40%
Hungary
36.9%
Czechia
31.3%
Bulgaria
28.3%
Romania
27.6%
Albania
23.7%
Croatia
23.7%
Ukraine
22.1%
Moldova
22%
Serbia
20.4%
Bosnia and Herzegovina
19%
North Macedonia
15.8%

You're not logged in!

Compare scores with friends on all Sporcle quizzes.
OR
Log In
Forgot?

From the Vault

Multiple Choice Super Bowl Winners

by JackDots

Sports 5m
Why couldn't Cam Newton eat his cereal? Because he lost the bowl.
Remove Ads.
Support Sporcle.
Get the best of Sporcle when you Go Orange. This ad-free experience offers more features, more stats, and more fun while also helping to support Sporcle. Thank you for becoming a member.

Show Comments

Extras

Top Quizzes Today


Score Distribution

Your Account Isn't Verified!

In order to create a playlist on Sporcle, you need to verify the email address you used during registration. Go to your Sporcle Settings to finish the process.

Report this User

Report this user for behavior that violates our Community Guidelines.

Details: